| 000 -LEADER |
| fixed length control field |
00762nam a22001337a 4500 |
| 040 ## - CATALOGING SOURCE |
| Transcribing agency |
RUA |
| 082 ## - DEWEY DECIMAL CLASSIFICATION NUMBER |
| Classification number |
VEM ROS 2021 B1-530 Or. |
| 100 ## - MAIN ENTRY--AUTHOR NAME |
| Personal name |
ROS BUNTHON,រស់ ប៊ុនថុន |
| 245 ## - TITLE STATEMENT |
| Title |
ANTIMICROBIAL RESISTANCE PROFILE OF ESCHERICHIA COLI ISOLATED FROM PIGLET DISEASE KEANSVAY DISTRICT,KANDAL PROVINCE,ករណី Escherichia coli ស៊ាំនឹងឱសថអង់ទីប៊ីយ៉ូទិចលើរាកកូនជ្រូកកំឡុងពេលបៅដោះនៅស្រុកកៀនស្វាយ ខេត្តកណ្តាល |
| 260 ## - PUBLICATION, DISTRIBUTION, ETC. (IMPRINT) |
| Place of publication |
phnom penh |
| Name of publisher |
rua |
| Year of publication |
2021 |
| 300 ## - PHYSICAL DESCRIPTION |
| Number of Pages |
xii.47p. |
| Other physical details |
ill. |
| Dimensions |
29cm. |
| 856 ## - ELECTRONIC LOCATION AND ACCESS |
| Uniform Resource Identifier |
https://drive.google.com/file/d/1GxTe6MpfEZx3AfqDp7zIWqdGiGA8ojgd/view?usp=sharing |
| 942 ## - ADDED ENTRY ELEMENTS (KOHA) |
| Koha item type |
VEM |
| 952 ## - LOCATION AND ITEM INFORMATION (KOHA) |
| Withdrawn status [LOCAL, KOHA] |
0 |
| 952 ## - LOCATION AND ITEM INFORMATION (KOHA) |
| Withdrawn status [LOCAL, KOHA] |
0 |
| 952 ## - LOCATION AND ITEM INFORMATION (KOHA) |
| Withdrawn status [LOCAL, KOHA] |
0 |
| 952 ## - LOCATION AND ITEM INFORMATION (KOHA) |
| Withdrawn status [LOCAL, KOHA] |
0 |